[Event "Challenge"]
[Site "http://www.queenalice.com/game.php?id=1846417"]
[Date "2024.10.30"]
[Round "-"]
[White "Petruzza"]
[Black "jogo"]
[Result "0-1"]
[WhiteElo "1912"]
[BlackElo "1850"]

1. e4 e5 2. Nf3 Nf6 3. Nc3 d6 4. h4 Bg4 5. g3 Be7 6. Bh3 Bxh3 7. Rxh3 O-O 8. Ng5
h6 9. Nf3 c6 10. b4 Qd7 11. Rh1 Na6 12. a3 Nc7 13. d4 exd4 14. Nxd4 Rfe8 15. f3
Nh5 16. Nce2 Bf6 17. g4 c5 18. bxc5 dxc5 19. gxh5 cxd4 20. Qd3 Qe7 21. Rg1 Bxh4+
22. Ng3 Qe5 23. Kf2 Ne6 24. Rb1 Nf4 25. Bxf4 Qxf4 26. Rxb7 a5 27. Rb5 Red8 28.
Rf5 Qe3+ 29. Qxe3 dxe3+ 30. Kxe3 Rac8 31. Rd5 Rxd5 32. exd5 Rxc2 33. Ke4 Rc4+
34. Ke5 Bf6+ 35. Kd6 Rc3 36. Ne4 Rxf3 37. Kd7 Bd4 38. Kc8 Bxg1 39. d6 Bb6 40. d7
Rd3 41. a4 f5 42. Nf2 Rc3+ 43. Kb7 Bd8 44. Nd1 Rd3 45. Kc8 Bf6 46. Nb2 Rc3+ 0-1

[Event "AUTO-OPEN-4546"]
[Site "http://www.queenalice.com/game.php?id=1846802"]
[Date "2024.11.7"]
[Round "2"]
[White "xadreco5"]
[Black "Petruzza"]
[Result "1-0"]
[WhiteElo "2432"]
[BlackElo "1914"]

1. d4 d5 2. c4 Nf6 3. Nc3 c6 4. Nf3 dxc4 5. e4 Bg4 6. Bxc4 b5 7. Bxf7+ Kxf7 8.
Ne5+ Ke8 9. Nxg4 Nxg4 10. Qxg4 g6 11. Be3 b4 12. Na4 Na6 13. Rc1 Qa5 14. b3 Qb5
15. Rc4 Bg7 16. O-O Rd8 17. Rfc1 Rd6 18. e5 Rd8 19. Rxc6 Qb7 20. Qe6 Nb8 21. Rc7
Qa6 22. Qxe7# 1-0

[Event "AUTO-OPEN-4546"]
[Site "http://www.queenalice.com/game.php?id=1846803"]
[Date "2024.11.7"]
[Round "2"]
[White "Petruzza"]
[Black "xadreco5"]
[Result "0-1"]
[WhiteElo "1902"]
[BlackElo "2429"]

1. e4 e5 2. Nf3 Nc6 3. d3 Nf6 4. Bg5 h6 5. Be3 d5 6. exd5 Nxd5 7. Nc3 Bb4 8. Bd2
Bxc3 9. bxc3 Qf6 10. c4 Nf4 11. g3 Nh3 12. Bxh3 Bxh3 13. Ng1 Bg2 14. Qg4 Bxh1
15. Nh3 Bf3 0-1

[Event "AUTO-OPEN-4546"]
[Site "http://www.queenalice.com/game.php?id=1846808"]
[Date "2024.11.7"]
[Round "2"]
[White "Petruzza"]
[Black "Canaye14"]
[Result "1-0"]
[WhiteElo "1884"]
[BlackElo "1885"]

1. e4 e6 2. Nc3 d5 3. e5 c5 4. Bb5+ Bd7 5. Bxd7+ Nxd7 6. f4 c4 7. g4 Bb4 8. Nb5
a6 9. Nd6+ Bxd6 10. exd6 Nc5 11. Ne2 Qxd6 12. O-O Ne7 13. d3 cxd3 14. cxd3 d4
15. b4 Nd7 16. Bd2 O-O 17. Qb3 Rad8 18. f5 e5 19. g5 Qd5 20. Qxd5 Nxd5 21. h4 g6
22. h5 Rfe8 23. hxg6 hxg6 24. fxg6 f6 25. Rf5 b5 26. Ng3 Ne3 27. Bxe3 Re6 28.
Bd2 Kg7 29. gxf6+ Nxf6 30. Raf1 Rh8 31. Bg5 Rh3 32. Ne4 Rxd3 33. Bxf6+ Rxf6 34.
Rxf6 Re3 35. Nc5 Rg3+ 36. Kh2 Ra3 37. Ne6+ Kg8 38. Rf8# 1-0

[Event "AUTO-OPEN-4546"]
[Site "http://www.queenalice.com/game.php?id=1846809"]
[Date "2024.11.7"]
[Round "2"]
[White "Canaye14"]
[Black "Petruzza"]
[Result "1-0"]
[WhiteElo "1890"]
[BlackElo "1900"]

1. d4 e6 2. Nf3 Qf6 3. Bg5 Qf5 4. e3 Qa5+ 5. Qd2 Bb4 6. c3 Bd6 7. e4 c5 8. e5
Be7 9. Bxe7 Nxe7 10. Bd3 cxd4 11. cxd4 b6 12. O-O Ba6 13. b4 Qd5 14. Nc3 Qb7 15.
b5 Nd5 16. bxa6 Qc8 17. Nxd5 exd5 18. Rfc1 Nc6 19. Rc2 O-O 20. Rac1 g6 21. Bb5
Kg7 22. e6 fxe6 23. Ne5 Qd8 24. Nxc6 dxc6 25. Bxc6 Rb8 26. Bb7 Qd7 27. Rc7 Rf7
28. Rxd7 Rxd7 29. Rc3 h6 30. Qc2 Rf8 31. Rc7 Rff7 32. Rxd7 Rxd7 33. Qc6 Re7 34.
Qd6 Kf7 35. Kf1 1-0

[Event "AUTO-ADV-4860"]
[Site "http://www.queenalice.com/game.php?id=1855777"]
[Date "2025.4.18"]
[Round "1"]
[White "Petruzza"]
[Black "Connor"]
[Result "1/2-1/2"]
[WhiteElo "1869"]
[BlackElo "1901"]

1. e4 e5 2. Nf3 d6 3. Nc3 Nf6 4. h3 Be7 5. g4 h6 6. Bd3 a6 7. Nd5 Nxd5 8. exd5
Bd7 9. c4 b5 10. cxb5 Bxb5 11. Bxb5+ axb5 12. a4 bxa4 13. Rxa4 Rxa4 14. Qxa4+
Nd7 15. O-O O-O 16. d4 exd4 17. Qxd4 Bf6 18. Qf4 Ne5 19. Nxe5 Bxe5 20. Qf5 Qf6
21. b4 Qxf5 22. gxf5 Rb8 23. Bd2 Rb5 24. f4 Bd4+ 25. Kg2 Rxd5 26. Re1 Rxf5 27.
Re8+ Kh7 28. Re7 Bb6 29. Kf3 Kg6 30. Be3 Bxe3 31. Rxe3 Rb5 32. Re4 f6 33. Rc4 c5
34. bxc5 dxc5 35. Ke3 Kf5 36. Kf3 g5 1/2-1/2

[Event "AUTO-ADV-4860"]
[Site "http://www.queenalice.com/game.php?id=1855778"]
[Date "2025.4.18"]
[Round "1"]
[White "Connor"]
[Black "Petruzza"]
[Result "1/2-1/2"]
[WhiteElo "1902"]
[BlackElo "1868"]

1. d4 d5 2. e3 Nf6 3. Nf3 Nc6 4. c4 dxc4 5. Bxc4 Be6 6. Bxe6 fxe6 7. Qb3 Qc8 8.
Nc3 a6 9. a3 b5 10. Ng5 Nd8 11. Nce4 Nxe4 12. Nxe4 Nb7 13. Bd2 Nd6 14. Nxd6+
exd6 15. Qc2 g6 16. Rc1 c5 17. dxc5 dxc5 18. Ba5 Qc6 19. f3 Bh6 20. Qxc5 Qxc5
21. Rxc5 Bxe3 22. Re5 Bd4 23. Rxe6+ Kf7 24. Re2 Rhe8 25. Rxe8 Kxe8 26. Kd1 Bxb2
27. Bb4 Bd4 28. Ke2 Kf7 29. Rd1 Be5 30. h3 a5 31. Bc5 Rc8 32. Bb6 Rc2+ 33. Kf1
a4 34. Rd5 Bb2 35. Rxb5 Bxa3 36. Ra5 Rc4 37. Kf2 Ke6 1/2-1/2

[Event "AUTO-ADV-4860"]
[Site "http://www.queenalice.com/game.php?id=1855779"]
[Date "2025.4.18"]
[Round "1"]
[White "Petruzza"]
[Black "oniwa"]
[Result "1-0"]
[WhiteElo "1914"]
[BlackElo "1855"]

1. e4 e5 2. Nf3 Nc6 3. Nc3 Bc5 4. a3 Nf6 5. Bc4 O-O 6. d3 a6 7. h4 h6 8. Nd5 Ng4
9. Ne3 d6 10. Nxg4 Bxg4 11. c3 Ne7 12. Be3 Bxe3 13. Qb3 Bb6 14. d4 Bxf3 15. gxf3
Ng6 16. dxe5 dxe5 17. Ke2 Nxh4 18. Rag1 Qf6 19. Rg3 Qf4 20. Bd5 Rad8 21. Rhg1 g5
22. Qc2 c6 23. Bc4 Rd6 24. Rd1 Rxd1 25. Qxd1 Rd8 26. Qe1 Kg7 27. Bd3 f5 28. exf5
Nxf5 29. Bxf5 Qxf5 30. Kf1 1-0

[Event "AUTO-ADV-4860"]
[Site "http://www.queenalice.com/game.php?id=1855780"]
[Date "2025.4.18"]
[Round "1"]
[White "oniwa"]
[Black "Petruzza"]
[Result "1-0"]
[WhiteElo "1921"]
[BlackElo "1882"]

1. d4 d5 2. c4 Nf6 3. Nc3 dxc4 4. e4 Bg4 5. Be2 Bxe2 6. Ngxe2 e6 7. O-O h5 8.
Qa4+ c6 9. Qxc4 b5 10. Qd3 h4 11. e5 Nd5 12. Ne4 f5 13. N4c3 g5 14. Nxd5 Qxd5
15. Bxg5 h3 16. gxh3 Na6 17. Nf4 Rg8 18. Nxd5 exd5 19. Qxf5 Rg7 20. Qe6+ 1-0

[Event "AUTO-ADV-4860"]
[Site "http://www.queenalice.com/game.php?id=1855781"]
[Date "2025.4.18"]
[Round "1"]
[White "Petruzza"]
[Black "ChessColossos"]
[Result "1-0"]
[WhiteElo "1885"]
[BlackElo "1859"]

1. e4 e5 2. Nf3 Nc6 3. Bc4 Be7 4. Nc3 Nf6 5. h3 Bb4 6. Ng5 O-O 7. a3 Bxc3 8.
bxc3 h6 9. Nf3 Nxe4 10. Qe2 d5 11. Bd3 Ng5 12. Nxg5 Qxg5 13. g4 a6 14. h4 Qxg4
15. Qxg4 Bxg4 16. Be2 Bxe2 17. Kxe2 f5 18. d3 d4 19. c4 e4 20. Rh3 exd3+ 21.
Rxd3 Rae8+ 22. Kd2 Re4 23. Rh3 Ne5 24. c5 Nd7 25. c6 bxc6 26. a4 Rfe8 27. Kd3
Ne5+ 28. Kd2 Ng6 29. c4 Re2+ 30. Kd3 Nf4+ 31. Bxf4 Rxf2 32. Bxc7 Rc8 33. Be5 c5
34. h5 Kh7 35. Rh2 Rf3+ 36. Kd2 Rc3 37. Rf2 g6 38. hxg6+ 1-0

[Event "AUTO-ADV-4860"]
[Site "http://www.queenalice.com/game.php?id=1855782"]
[Date "2025.4.18"]
[Round "1"]
[White "ChessColossos"]
[Black "Petruzza"]
[Result "0-1"]
[WhiteElo "1844"]
[BlackElo "1900"]

1. e4 e5 2. Nf3 Nc6 3. Be2 Nf6 4. d3 h6 5. O-O g5 6. h3 d6 7. Kh2 g4 8. hxg4
Bxg4 9. Rh1 Nd4 10. Nxd4 exd4 11. Bxg4 Nxg4+ 12. Qxg4 h5 13. Qf5 f6 14. Qg6+ Kd7
15. Qf5+ Ke7 16. Na3 a6 17. Qd5 c6 18. Qxd4 Qa5 19. Nc4 Qc7 20. Bf4 Kf7 21. Bxd6
Bxd6+ 22. Qxd6 Qe7 23. Qxe7+ Kxe7 24. Kg3 Rag8+ 25. Kf3 b5 26. Ne3 a5 27. Rh2 h4
28. Rah1 Ke6 29. Rxh4 Rxh4 30. Rxh4 a4 31. a3 Rb8 32. Rh6 b4 33. axb4 Rxb4 34.
Nd1 c5 35. g4 Ke5 36. c3 Rb7 37. g5 fxg5 38. Ra6 Rf7+ 39. Ke3 g4 0-1

[Event "AUTO-OPEN-4589"]
[Site "http://www.queenalice.com/game.php?id=1855987"]
[Date "2025.4.22"]
[Round "1"]
[White "Petruzza"]
[Black "zubarev"]
[Result "1-0"]
[WhiteElo "1870"]
[BlackElo "1836"]

1. e4 e5 2. Nf3 Nc6 3. Nc3 Be7 4. Bc4 Nf6 5. d3 d6 6. h3 Be6 7. Bxe6 fxe6 8. g4
Qd7 9. g5 Nh5 10. Nh4 g6 11. Be3 O-O-O 12. a4 Nf4 13. Bxf4 exf4 14. Qg4 Rhf8 15.
Nf3 e5 16. Nd5 Nd4 17. Nxd4 exd4 18. Nxe7+ Kb8 19. Nd5 Qf7 20. b4 Rde8 21. Nf6
Re7 22. a5 h6 23. h4 Rh8 24. Nd5 Qxd5 25. Kd2 Qe6 26. Qxf4 Rf7 27. Qg3 Rhf8 28.
Rhf1 Rf3 29. Qg2 h5 30. Ra4 Qd7 31. Ra3 Qb5 32. Rb3 Qe5 33. b5 Qf4+ 34. Ke2 d5
35. exd5 Qe5+ 36. Kd2 Qxd5 37. Qh2 Qf5 38. Ke2 Re8+ 39. Kd2 Qe6 40. Kc1 Qe2 41.
Qg1 Ref8 42. Re1 Qxf2 43. Qxf2 Rxf2 44. Rb4 1-0

[Event "AUTO-OPEN-4589"]
[Site "http://www.queenalice.com/game.php?id=1855988"]
[Date "2025.4.22"]
[Round "1"]
[White "zubarev"]
[Black "Petruzza"]
[Result "0-1"]
[WhiteElo "1805"]
[BlackElo "1869"]

1. d4 d5 2. Nc3 Nf6 3. Nf3 Bf5 4. e3 Nc6 5. Bb5 a6 6. Bxc6+ bxc6 7. Ne5 Qd6 8.
f4 Ne4 9. O-O Nxc3 10. bxc3 g6 11. c4 f6 12. c5 Qe6 13. c3 fxe5 14. fxe5 Be4 15.
a4 h5 16. Bd2 g5 17. Qb3 Kd7 18. Qd1 g4 19. g3 Bf3 20. Qb3 Bg7 21. Qa3 h4 22.
Be1 hxg3 23. Bxg3 Rh3 24. Kf2 Rah8 25. Kg1 Bh6 26. Kf2 Bg5 27. Qb3 Rxh2+ 0-1

[Event "AUTO-OPEN-4589"]
[Site "http://www.queenalice.com/game.php?id=1855989"]
[Date "2025.4.22"]
[Round "1"]
[White "Petruzza"]
[Black "Scharlatan"]
[Result "0-1"]
[WhiteElo "1903"]
[BlackElo "2059"]

1. e4 e6 2. d3 d5 3. exd5 exd5 4. Nc3 c6 5. Qf3 Nf6 6. Bf4 Bd6 7. Bxd6 Qxd6 8.
O-O-O O-O 9. Nh3 Bxh3 10. gxh3 b5 11. h4 Nbd7 12. d4 Nb6 13. Bd3 b4 14. Nb1 Nc4
15. Bxc4 dxc4 16. h3 Qd5 17. Qxd5 cxd5 18. Rhe1 Rfe8 19. f3 Kf8 20. a3 a5 21. a4
Nh5 22. Re5 Rxe5 23. dxe5 Nf4 24. Rh1 Re8 25. Re1 Nxh3 26. Nd2 f6 27. e6 Nf4 28.
e7+ Rxe7 29. Rxe7 Kxe7 30. Nf1 Ng2 31. h5 h6 32. c3 b3 33. Kd2 Nf4 34. Ne3 Ke6
35. Ng4 Nxh5 36. Ke3 f5 37. Nf2 Ke5 38. Nh3 g5 39. Nf2 Nf6 40. Nh3 f4+ 41. Kf2
Kf5 42. Ng1 h5 43. Ne2 g4 44. Nd4+ Kg5 45. Nc6 h4 46. fxg4 Kxg4 47. Nxa5 h3 48.
Nc6 Ne4+ 0-1

[Event "AUTO-OPEN-4589"]
[Site "http://www.queenalice.com/game.php?id=1855990"]
[Date "2025.4.22"]
[Round "1"]
[White "Scharlatan"]
[Black "Petruzza"]
[Result "1-0"]
[WhiteElo "2060"]
[BlackElo "1913"]

1. d4 d5 2. Nf3 Nf6 3. e3 c6 4. Bd3 Ne4 5. c4 e6 6. b3 Bb4+ 7. Nbd2 Nd7 8. O-O
g5 9. a3 Ba5 10. b4 Bc7 11. cxd5 cxd5 12. Nxe4 dxe4 13. Bxe4 f5 14. Bd3 g4 15.
Nd2 Qh4 16. g3 Qg5 17. f4 Qf6 18. Bb2 h5 19. Qb3 Qf7 20. Rac1 Bb6 21. Nc4 Bc7
22. d5 Rh6 23. dxe6 Rxe6 24. Qc3 Bb6 25. Nxb6 Nxb6 26. Rfd1 Bd7 27. Bc2 Rc8 28.
Qd4 Rec6 29. Qe5+ Re6 30. Qxf5 Rcc6 31. Qxf7+ Kxf7 32. Bb3 Ke7 33. Bxe6 Bxe6 34.
Rxc6 bxc6 35. Bd4 Bd5 36. Bxb6 axb6 37. Rxd5 cxd5 38. a4 Kd6 39. Kf2 Kc6 40. Ke2
Kd6 41. Kd3 Kc6 42. Kd4 1-0

[Event "Joan Crawford HD 18:47"]
[Site "http://www.queenalice.com/game.php?id=1859603"]
[Date "2025.7.8"]
[Round "-"]
[White "zubarev"]
[Black "Petruzza"]
[Result "0-1"]
[WhiteElo "1664"]
[BlackElo "1928"]

1. d4 d5 2. Nc3 Nf6 3. Nf3 a5 4. e3 e6 5. Bd3 h5 6. O-O g6 7. Ne5 Nc6 8. Nxc6
bxc6 9. Bd2 g5 10. f4 g4 11. Re1 Ne4 12. Nxe4 dxe4 13. Bxe4 Qd6 14. c4 f5 15.
Bd3 Bg7 16. Bc3 a4 17. a3 h4 18. Bb4 Qd7 19. Bc3 Bb7 20. Bc2 c5 21. d5 Bxc3 22.
bxc3 exd5 23. cxd5 Qxd5 0-1

[Event " Eula Warren 18:48"]
[Site "http://www.queenalice.com/game.php?id=1859604"]
[Date "2025.7.8"]
[Round "-"]
[White "Petruzza"]
[Black "zubarev"]
[Result "1-0"]
[WhiteElo "1933"]
[BlackElo "1659"]

1. e4 e5 2. Nf3 Nc6 3. Nc3 d6 4. Bc4 Be7 5. d3 Nf6 6. h4 O-O 7. Ne2 Be6 8. Bxe6
fxe6 9. Bg5 h6 10. Be3 d5 11. exd5 exd5 12. c4 Ng4 13. a3 Nxe3 14. fxe3 Bf6 15.
d4 e4 16. Ne5 Bxe5 17. dxe5 Qe7 18. Qxd5+ Kh8 19. Nf4 Qxe5 20. Ng6+ Kh7 21. Nxe5
Rad8 22. Qxe4+ Kg8 23. Nxc6 1-0

[Event "AUTO-ADV-4860"]
[Site "http://www.queenalice.com/game.php?id=1860051"]
[Date "2025.7.18"]
[Round "2"]
[White "IranSilva"]
[Black "Petruzza"]
[Result "1-0"]
[WhiteElo "2212"]
[BlackElo "1917"]

1. Nf3 d5 2. d4 Nf6 3. c4 Bf5 4. Nc3 c6 5. e3 Ne4 6. Bd3 e6 7. O-O g5 8. Bxe4
dxe4 9. Nd2 h5 10. Ndxe4 Bxe4 11. Nxe4 f5 12. Nc3 g4 13. e4 fxe4 14. Nxe4 Bh6
15. Bxh6 Rxh6 16. Qd2 Rg6 17. Qf4 Ke7 18. Ng5 Rf6 19. Qe4 Qg8 20. f4 Nd7 21. b4
Nb6 22. d5 cxd5 23. cxd5 Nxd5 24. Rae1 Rd8 25. a3 b5 26. Qd4 Rd7 27. Qc5+ Kd8
28. Qxb5 Nb6 29. Ne4 Rf5 30. Qc6 Ke7 31. Nc5 Rd6 32. Qc7+ Rd7 33. Nxd7 Nxd7 34.
Rd1 Rd5 35. Rxd5 exd5 36. Re1+ Kf6 37. Qxd7 g3 38. Qe7+ Kf5 39. Re5+ Kxf4 40.
Qf6+ Kg4 41. h3# 1-0

[Event "AUTO-ADV-4860"]
[Site "http://www.queenalice.com/game.php?id=1860052"]
[Date "2025.7.18"]
[Round "2"]
[White "Petruzza"]
[Black "IranSilva"]
[Result "0-1"]
[WhiteElo "1946"]
[BlackElo "2208"]

1. e4 e5 2. c3 Nf6 3. d3 Be7 4. Nd2 O-O 5. h4 d5 6. g3 dxe4 7. dxe4 Bg4 8. f3
Be6 9. g4 Nbd7 10. Bc4 Bxc4 11. g5 Nxe4 12. fxe4 Be6 13. Ne2 Nc5 14. O-O Qd3 15.
Rf3 Qb5 16. a4 Qc6 17. Ng3 Bg4 18. Nf5 Rfe8 19. Ne3 Bxf3 20. Qxf3 Rad8 21. b4
Nd3 22. Ndc4 f6 23. b5 Qe6 24. Nd5 Nxc1 25. Rxc1 fxg5 26. hxg5 Bxg5 27. Rf1 c6
28. bxc6 bxc6 29. Nde3 Rd3 30. Qf5 Bxe3+ 31. Nxe3 Rxe3 32. Qxe6+ Rxe6 33. Kg2
Rxe4 34. Ra1 Rc4 35. Ra3 e4 36. Kf2 e3+ 37. Ke2 Rh4 38. a5 Rh2+ 0-1

[Event "AUTO-ADV-4860"]
[Site "http://www.queenalice.com/game.php?id=1860055"]
[Date "2025.7.18"]
[Round "2"]
[White "Ditto"]
[Black "Petruzza"]
[Result "0-1"]
[WhiteElo "1758"]
[BlackElo "1893"]

1. e4 e5 2. Nf3 Nc6 3. Bc4 Nf6 4. d3 Bc5 5. c3 a6 6. Bg5 b5 7. Bd5 Bb7 8. Bh4 d6
9. Bb3 a5 10. Ng5 O-O 11. O-O a4 12. Bc2 Qd7 13. Qf3 h6 14. Nh3 b4 15. Qg3 Nh5
16. Qf3 Nf4 17. Nxf4 exf4 18. d4 Bb6 19. Qd3 g6 20. f3 g5 21. Be1 b3 22. axb3
axb3 23. Rxa8 Rxa8 24. e5 bxc2 25. Qxc2 dxe5 26. Bf2 exd4 27. cxd4 Nxd4 28. Qc3
Ne2+ 29. Kh1 Nxc3 30. Nxc3 Bxf2 31. Rxf2 Ra1+ 0-1

[Event "AUTO-ADV-4860"]
[Site "http://www.queenalice.com/game.php?id=1860056"]
[Date "2025.7.18"]
[Round "2"]
[White "Petruzza"]
[Black "Ditto"]
[Result "1-0"]
[WhiteElo "1904"]
[BlackElo "1655"]

1. e4 e5 2. Nf3 Nc6 3. c3 Bc5 4. b4 Bb6 5. a4 a6 6. b5 axb5 7. Bxb5 d6 8. d4 Bd7
9. dxe5 dxe5 10. Bg5 Nf6 11. Nbd2 h6 12. Be3 O-O 13. Bxc6 Bxc6 14. a5 Bxe3 15.
fxe3 Bb5 16. Nxe5 Nh7 17. c4 Ba6 18. h4 Qd6 19. Ndf3 Qb4+ 20. Kf2 Qe7 21. Qa4 c6
22. Rhd1 Nf6 23. c5 Qxc5 24. Rac1 Qe7 25. Rd2 Nh5 26. Rd7 Qe6 27. Rc5 Nf6 28.
Rd4 Qe7 29. Rc2 Qe6 30. g4 Nxg4+ 31. Nxg4 Qxg4 32. e5 Qh3 33. Rg4 Qh1 34. Rg1
Qh3 35. Rcc1 Qf5 36. Rg4 Rad8 37. Rf4 Qe6 38. Kg3 Qg6+ 39. Rg4 Qe6 40. Rc5 Rd3
41. Qe4 Qb3 42. Kf4 Qe6 43. Nd4 Qe7 44. Rxg7+ 1-0

[Event "AUTO-ADV-4860"]
[Site "http://www.queenalice.com/game.php?id=1860057"]
[Date "2025.7.18"]
[Round "2"]
[White "oniwa"]
[Black "Petruzza"]
[Result "1-0"]
[WhiteElo "1767"]
[BlackElo "1940"]

1. d4 d5 2. c4 Nf6 3. Nc3 dxc4 4. e4 Bd7 5. e5 Ng8 6. Bxc4 a6 7. Nf3 b5 8. Bb3
Bg4 9. O-O Bxf3 10. Qxf3 f6 11. Bxg8 c6 12. e6 Qc8 13. Bf7+ Kd8 14. d5 Ra7 15.
Be3 Rc7 16. Bb6 a5 17. Rad1 Qa6 18. dxc6+ Kc8 19. Qd5 Nxc6 20. Bxc7 Kxc7 21.
Nxb5+ Kb6 22. a4 Qc8 23. Rc1 g6 24. Nd4 Bh6 25. Rxc6+ 1-0

[Event "AUTO-ADV-4860"]
[Site "http://www.queenalice.com/game.php?id=1860058"]
[Date "2025.7.18"]
[Round "2"]
[White "Petruzza"]
[Black "oniwa"]
[Result "1-0"]
[WhiteElo "1938"]
[BlackElo "1730"]

1. e4 e5 2. Nf3 Nc6 3. b3 f5 4. exf5 d5 5. Bb5 Bd7 6. Bxc6 Bxc6 7. Nxe5 Qf6 8.
Qh5+ Kd8 9. Nxc6+ Qxc6 10. c3 Nf6 11. Qf3 Ne4 12. O-O Bd6 13. d3 Nxc3 14. Nxc3
d4 15. Bg5+ Kd7 16. Ne4 Bb4 17. Rac1 Qb6 18. Rc4 Rhf8 19. f6 Rae8 20. Qg4+ Kd8
21. fxg7+ 1-0